|
|
|
|
| LEADER |
00000nab a2200000 a 4500 |
| 001 |
vtls000012445 |
| 003 |
SK-MaSNL |
| 005 |
20260311224853.0 |
| 008 |
160115c1978 xo 0 cze |
| 015 |
|
|
|a SNBRA19rr/mm-uuuuu
|
| 035 |
|
|
|a CL0022539
|
| 040 |
|
|
|a SNKBUCL
|b slo
|c SNKBUCL
|e AACR2
|
| 041 |
0 |
|
|a cze
|
| 044 |
|
|
|a xo
|c SK
|
| 080 |
|
|
|a 026:78(437)
|2 1981
|
| 080 |
|
|
|a 78(437)
|2 1981
|
| 080 |
|
|
|a 027.52(437)
|2 1981
|
| 100 |
1 |
|
|a Vokroj, Milan,
|d 1925-2000
|4 aut
|9 5440
|
| 245 |
1 |
0 |
|a Súčasný stav a perspektívy organizace hudebně-dokumentační práce v hudebních odděleních veřejných knihoven v ČSSR
|c Milan Vokroj
|
| 500 |
|
|
|a Paral. text v rus. a nem.
|
| 650 |
0 |
7 |
|a hudobné knižnice
|2 snkbucl
|9 24985
|
| 650 |
0 |
7 |
|a verejné knižnice
|2 snkbucl
|9 28929
|
| 651 |
|
7 |
|a Československo
|2 snkbucl
|9 21376
|
| 655 |
|
7 |
|a články zo zborníkov
|2 snkbucl
|9 166140
|
| 655 |
|
7 |
|a články z odboru knihovníctvo
|2 snkbucl
|9 166141
|
| 773 |
0 |
|
|t Sympózium predstaviteľov hudobnodokumentačných inštitúcií zo socialistických krajín 7.-11. 10. 1974
|d Martin : Matica slovenská, 1978
|
| 850 |
|
|
|a Slovenská národná knižnica v Martine
|a MTA001
|
| 852 |
|
|
|a SNK
|b KIS3GCP
|
| 958 |
|
|
|a RK
|
| 958 |
|
|
|a KL
|
| 992 |
|
|
|a RZB
|
| 999 |
|
|
|c 3262813
|d 3264743
|